A little house, 1923 / (Record no. 8674)

MARC details
000 -LEADER
fixed length control field 01645cam a2200457 i 4500
001 - CONTROL NUMBER
control field 21392763
003 - CONTROL NUMBER IDENTIFIER
control field OSt
005 - DATE AND TIME OF LATEST TRANSACTION
control field 20260331101218.0
008 - FIXED-LENGTH DATA ELEMENTS--GENERAL INFORMATION
fixed length control field 200121t20202020gw a 000 0 eng
010 ## - LIBRARY OF CONGRESS CONTROL NUMBER
LC control number 2020931272
020 ## - INTERNATIONAL STANDARD BOOK NUMBER
International Standard Book Number 9783035620665
Qualifying information (paperback ;
-- acid-free paper)
020 ## - INTERNATIONAL STANDARD BOOK NUMBER
Canceled/invalid ISBN 9783035620696
Qualifying information (e-book)
020 ## - INTERNATIONAL STANDARD BOOK NUMBER
Canceled/invalid ISBN 9783035620658
Qualifying information (French language edition)
020 ## - INTERNATIONAL STANDARD BOOK NUMBER
Canceled/invalid ISBN 9783035620702
Qualifying information (e-book ;
-- French language edition)
020 ## - INTERNATIONAL STANDARD BOOK NUMBER
Canceled/invalid ISBN 9783035620672
Qualifying information (German language edition)
020 ## - INTERNATIONAL STANDARD BOOK NUMBER
Canceled/invalid ISBN 9783035620689
Qualifying information (e-book ;
-- German language edition)
035 ## - SYSTEM CONTROL NUMBER
System control number 21392763
040 ## - CATALOGING SOURCE
Original cataloging agency DLC
Language of cataloging eng
Description conventions rda
Transcribing agency DLC
Modifying agency DLC
041 1# - LANGUAGE CODE
Language code of text/sound track or separate title eng
Language code of original fre
042 ## - AUTHENTICATION CODE
Authentication code pcc
043 ## - GEOGRAPHIC AREA CODE
Geographic area code e-sz---
050 00 - LIBRARY OF CONGRESS CALL NUMBER
Classification number NA1053.J4
Item number A5413 2020
082 ## - DEWEY DECIMAL CLASSIFICATION NUMBER
Classification number 720.92 A54 2020
100 0# - MAIN ENTRY--PERSONAL NAME
Personal name Le Corbusier,
Dates associated with a name 1887-1965,
Relator term author.
240 10 - UNIFORM TITLE
Uniform title Petite maison, 1923.
Language of a work English
245 12 - TITLE STATEMENT
Title A little house, 1923 /
Statement of responsibility, etc. Le Corbusier.
250 ## - EDITION STATEMENT
Edition statement New edition.
264 #1 - PRODUCTION, PUBLICATION, DISTRIBUTION, MANUFACTURE, AND COPYRIGHT NOTICE
Place of production, publication, distribution, manufacture Berlin ;
-- Boston :
Name of producer, publisher, distributor, manufacturer Birkhäuser,
Date of production, publication, distribution, manufacture, or copyright notice [2020]
264 #4 - PRODUCTION, PUBLICATION, DISTRIBUTION, MANUFACTURE, AND COPYRIGHT NOTICE
Date of production, publication, distribution, manufacture, or copyright notice ©2020
300 ## - PHYSICAL DESCRIPTION
Extent 98 pages :
Other physical details illustrations (some color) ;
Dimensions 17 cm
336 ## - CONTENT TYPE
Content type term text
Content type code txt
Source rdacontent
337 ## - MEDIA TYPE
Media type term unmediated
Media type code n
Source rdamedia
338 ## - CARRIER TYPE
Carrier type term volume
Carrier type code nc
Source rdacarrier
500 ## - GENERAL NOTE
General note Translation of: Une petite maison, 1923. Zurich : Girsberger, 1954.
610 20 - SUBJECT ADDED ENTRY--CORPORATE NAME
Corporate name or jurisdiction name as entry element Villa "Le Lac" (Corseaux, Switzerland)
650 #0 - SUBJECT ADDED ENTRY--TOPICAL TERM
Topical term or geographic name entry element Small houses
Form subdivision Switzerland.
650 #0 - SUBJECT ADDED ENTRY--TOPICAL TERM
Topical term or geographic name entry element Architecture, Domestic
Geographic subdivision Switzerland.
906 ## - LOCAL DATA ELEMENT F, LDF (RLIN)
a 7
b cbc
c orignew
d 2
e epcn
f 20
g y-gencatlg
942 ## - ADDED ENTRY ELEMENTS (KOHA)
Source of classification or shelving scheme Dewey Decimal Classification
Koha item type English Book
Suppress in OPAC No
Holdings
Withdrawn status Lost status Source of classification or shelving scheme Damaged status Not for loan Home library Current library Date acquired Total Checkouts Full call number Barcode Date last seen Price effective from Koha item type
    Dewey Decimal Classification     CENTRAL TUWAIQ 03/31/2026   720.92 A54 2020 1000000025829 03/31/2026 03/31/2026 English Book